El vendedor mas grande del mundo / (Registro nro. 13086)
[ vista simple ]
| 000 -LIDER | |
|---|---|
| fixed length control field | 00732nam a22002297a 4500 |
| 003 - IDENTIFICACDOR DE NÚMERO DE CONTROL | |
| control field | DO-SdBNP |
| 005 - DATE AND TIME OF LATEST TRANSACTION | |
| control field | 20230828134257.0 |
| 008 - ELEMENTOS DE LONGITUD FIJA | |
| fixed length control field | 161031b 1976 mx 00| 0 spa d |
| 040 ## - FUENTE DE CATALOGACIÓN | |
| Agencia que crea de manera original el registro | BPMSU |
| Idioma de catalogación | spa |
| Agencia que realiza la transcripción | BPMSU |
| 082 #4 - NÚMERO DE CLASIFICACIÓN DECIMAL DE DEWEY | |
| Classification number | 813.6 |
| Item number | M272v 1976 |
| Edition number | 22 |
| 100 1# - ASIENTO PRINCIPAL -- NOMBRE PERSONAL | |
| Nombre personal | Mandino, Og |
| Fechas asociadas con el nombre | 1923-1996 |
| 245 13 - MENCIÓN DE TITULO | |
| Título | El vendedor mas grande del mundo / |
| Mención de responsabilidad | Og Mandino |
| 260 ## - PUBLICACIÓN, DISTRIBUCIÓN, ETC. (PIE DE IMPRENTA) | |
| Lugar de publicación, distribución, etc | México : |
| Nombre del editor, distribuidor, etc. | Editorial Diana, |
| Fecha de publicación, distribución, etc | 1976 |
| 300 ## - DESCRIPCIÓN FÍSICA | |
| Extensión | 123 p. : |
| Dimensiones | 21 cm. |
| 500 ## - NOTA GENERAL | |
| Materiales especificados | Este libro está destinado a influir en un sinnúmeros de vidas |
| 590 ## - NOTA LOCAL | |
| Enlace | Imventariado, 2023/VM |
| 650 #4 - ENCABEZAMIENTO DE MATERIA--TEMÁTICO | |
| Término temático o nombre geográfico como elemento de entrada | Novela estadounidense |
| 650 #4 - ENCABEZAMIENTO DE MATERIA--TEMÁTICO | |
| Término temático o nombre geográfico como elemento de entrada | Motivación (Psicología) |
| 650 #4 - ENCABEZAMIENTO DE MATERIA--TEMÁTICO | |
| Término temático o nombre geográfico como elemento de entrada | Vendedores y arte de vender |
| Subdivisión de forma | |
| 910 ## - VALIDACIÓN | |
| Validación | VMateo V. Control de calidad. BPMSU |
| 942 ## - ADDED ENTRY ELEMENTS (KOHA) | |
| Source of classification or shelving scheme | Dewey Decimal Classification |
| Koha item type | Libros |
| Withdrawn status | Lost status | Source of classification or shelving scheme | Damaged status | Not for loan | Collection code | Home library | Current library | Date acquired | Source of acquisition | Total Checkouts | Full call number | Barcode | Date last seen | Price effective from | Koha item type |
|---|---|---|---|---|---|---|---|---|---|---|---|---|---|---|---|
| Dewey Decimal Classification | Colección General | Biblioteca Pública Metropolitana Salomé Ureña | Biblioteca Pública Metropolitana Salomé Ureña | 11/24/2017 | BPMSU CG 813.6 M272v 1976 | BPMSU17110419 | 11/24/2017 | 11/24/2017 | Libros |